Lesy a lesníctvo Slovenskej republiky v roku 2002 a návrh opatrení na realizáciu lesníckej politiky v roku 2004 odborná lesnícka aktualita č. 1/2003

Bibliographic Details
Main Author: Konôpka, Jozef, 1940- (Author)
Format: Book
Language:Slovak
PhysicalDescription:19 strán grafy, tabuľky 21 cm
Published: Zvolen Lesnícky výskumný ústav 2003
ISBN:8088853648
Edition:1. vyd.
Subjects:

MARC

LEADER 00000cam a2200000 a 4500
001 vtls001469650
003 SK-MaSNL
005 20260426014540.0
008 240226s2003 xo dl gr 000 0 slo
015 |a SNBE2004/03-01200 
020 |a 8088853648 
035 |a SNK000424955 
035 |a urn:nbn:sk:snk-am3ixfd 
035 |a 75A90E7C-08B2-4AC8-B5CB-6F20B166985F 
035 |a urn:nbn:sk:snk-am00g3ql 
040 |a SNK  |b slo  |c SNK  |e AACR2 
041 0 |a slo 
043 |a e-xo--- 
044 |a xo  |c SK 
072 7 |a 630  |x Lesníctvo  |2 konspekt 
080 |a 630*10  |2 2011 
080 |a 630  |2 2011 
080 |a 630*90  |2 2011 
080 |a (437.6)  |2 2011 
080 |a (036)  |2 2011 
080 |a (048.8)  |2 2011 
080 |a 630(437.6)(083.9)  |2 1997 
080 |a 630*9(437.6)  |2 1997 
100 1 |a Konôpka, Jozef,  |d 1940-  |4 aut  |9 89185 
245 1 0 |a Lesy a lesníctvo Slovenskej republiky v roku 2002 a návrh opatrení na realizáciu lesníckej politiky v roku 2004  |b odborná lesnícka aktualita č. 1/2003  |c Jozef Konôpka a kol. 
250 |a 1. vyd. 
260 |a Zvolen  |b Lesnícky výskumný ústav  |c 2003 
300 |a 19 strán  |b grafy, tabuľky  |c 21 cm 
366 |e 300 kusov 
648 7 |a 2002  |2 SNKPH  |9 299607 
650 0 7 |a lesy  |2 SNKPH  |9 1437 
650 0 7 |a lesníctvo  |2 SNKPH  |9 1255 
650 0 7 |a lesné hospodárstvo  |2 SNKPH  |9 1256 
650 0 7 |a lesnícka politika  |2 SNKPH  |9 1698 
651 7 |a Slovensko  |2 SNKPHgeo  |9 14231 
655 7 |a informačné publikácie  |2 SNKPH  |9 70181 
655 7 |a prehľady  |2 SNKPH  |9 70194 
919 |a 80-88853-64-8 
958 |a OND 
999 |c 1160922  |d 1162852 
952 |t P60, <03>, [BOOK], {603}  |a SNK  |b SNK  |y PREZ  |7 0  |p 17A0415297  |o snkSC 114837  |i snkKSP 2995/2004  |0 0  |1 0  |4 0  |d 2004-02-27  |f 1  |l 0  |r 2025-10-03 00:00:00  |w 2026-02-24 
952 |t P60, <04>, [BOOK], {604}  |a SNK  |b SNK  |y VYP  |7 0  |p 17A0415296  |o snkSC 114837 D1  |i snkKSP 2996/2004  |0 0  |1 0  |4 0  |d 2004-02-27  |l 0  |r 2005-01-02 00:00:00  |w 2026-02-24